| 000 | 01146cam a2200289 i 4500 | ||
|---|---|---|---|
| 999 |
_c200445019 _d63231 |
||
| 003 | TR-AnTOB | ||
| 005 | 20230825152139.0 | ||
| 007 | ta | ||
| 008 | 981101s1980 tu a 000 0 tur u | ||
| 040 |
_aBGZ _beng _erda _cBGZ _dTR-AnTOB |
||
| 041 | 1 |
_atur _heng |
|
| 050 | 1 | 4 |
_aHD9866.T92 _bB3719 1980 |
| 090 |
_aHD9866.T92 _bB3719 1980 |
||
| 245 | 0 | 0 |
_aBatı Avrupa pazarlarının Türk giyim sanayii ihracat olanakları açısından incelenmesi / _ctercüme eden ve düzenleyen Füsun Tüfekçi. |
| 264 | 1 |
_aİstanbul : _bTürkiye Sınai Kalkınma Bankası Sektör Programları ve Proje Müdürlüğü, _c1980. |
|
| 300 |
_a1 volume (various pagings) : _billustrations, tables ; _c30 cm |
||
| 336 |
_2rdacontent _atext _btxt |
||
| 337 |
_2rdamedia _aunmediated _bn |
||
| 338 |
_2rdacarrier _avolume _bnc |
||
| 490 | 0 |
_aTürkiye Sınai Kalkınma Bankası ; _vyayın no. 29 |
|
| 650 | 7 |
_aTekstil endüstrisi _zTürkiye _2etuturkob _920488 |
|
| 650 | 7 |
_aTekstil endüstrisi _zAvrupa _2etuturkob _9123963 |
|
| 700 | 1 |
_aTüfekçi, Füsun _etranslator _eeditor _9133922 |
|
| 942 |
_2lcc _cBK |
||